| 000 | 00590nam a22001815i 4500 | ||
|---|---|---|---|
| 001 | 167193 | ||
| 003 | ES-MaACL | ||
| 005 | 20251004063217.0 | ||
| 008 | 050921m18721875it | |||||||| ||ita d | ||
| 040 |
_aCAM _bspa _cCAM |
||
| 100 | 1 |
_aVera, Augusto, _d1813-1885 _9133627 |
|
| 245 | 1 | 0 |
_aProblema dell'assoluto / _cper A. Vera. |
| 260 |
_aNapoli : _b[s.n.], _c1872-1875 ( _fStamperia della R. Universitá) |
||
| 300 |
_a2 v. (VIII, 153 ; VIII, 144 p.) ; _c24 cm. |
||
| 650 | 7 |
_aFilosofía _2embne _912802 |
|
| 852 |
_aES-MaACL _jF-8718-19 _z-- Enc. hol. |
||
| 999 |
_c167193 _d167193 |
||